Návrh metodiky zavádzania logistických koncepcií priemyselných podnikoch

Charakteristika súčasného stavu logistiky a úrovne uplatňovania logistických koncepcií v slovenských priemyselných podnikoch s rôznou veľkosťou. Identifikácia hlavných faktorov ovplyvňujúcich logistické koncepcie.

Gespeichert in:
Bibliographische Detailangaben
1. Verfasser: Kuperová, Martina
Format: Buchkapitel
Sprache:Slowakisch
Schlagworte:
Tags: Tag hinzufügen
Keine Tags, Fügen Sie das erste Tag hinzu!

MARC

LEADER 00000nla a2200000 4500
001 0205592
005 20240417075059.0
041 0 |a slo 
044 |a SK 
245 1 0 |a Návrh metodiky zavádzania logistických koncepcií priemyselných podnikoch  |c Martina Kuperová 
520 |a Charakteristika súčasného stavu logistiky a úrovne uplatňovania logistických koncepcií v slovenských priemyselných podnikoch s rôznou veľkosťou. Identifikácia hlavných faktorov ovplyvňujúcich logistické koncepcie. 
610 2 0 |a podnik priemyselný 
610 2 0 |a koncepcie 
610 2 0 |a logistika 
610 2 0 |a stratégia podniková 
100 1 |a Kuperová, Martina